| 000 | 00967 a2200313 4500 | ||
|---|---|---|---|
| 020 | _a0072368713 | ||
| 020 | _a9780072368710 | ||
| 082 | 0 | 4 | _a512.1 |
| 090 |
_c310 _d310 |
||
| 100 | 1 | _a.Byln, Karl. | |
| 245 | 1 | 0 |
_aPrecalculus, functions &graphs - 5th edition / _cKarl .Byln. |
| 250 | _a5th ed. | ||
| 260 |
_a[S.l.] : _bBlacklick, Ohio, U.S.A.: McGraw-Hill, _c2000. |
||
| 300 |
_a1024 p. ; _c26 cm. |
||
| 500 | _aHardcover. | ||
| 650 | 4 | _aTextbooks. | |
| 650 | 4 | _aAlgebra. | |
| 650 | 4 | _aFunctional Analysis. | |
| 650 | 4 | _aFunctions. | |
| 650 | 4 | _aGraphic methods. | |
| 650 | 4 | _aMathematics. | |
| 650 | 4 | _aScience/Mathematics. | |
| 650 | 4 | _aTheory Of Functions. | |
| 650 | 4 | _aAlgebra - General. | |
| 650 | 4 | _aPre-Calculus. | |
| 856 | 4 | 0 |
_3Amazon.com _uhttp://www.amazon.com/exec/obidos/ASIN/0072368713/chopaconline-20 |
| 856 | 4 | 0 |
_3Amazon customer reviews _uhttp://www.chopac.org/cgi-bin/tools/azrev.pl?q=0072368713 |
| 942 |
_aNBS _cBK _k512.1 BAR |
||
| 999 |
_c342879 _d342879 |
||